Tangisan bulan madu 3
| Main Author: | Samsiah Mohd Nor |
|---|---|
| Published: |
Bangi:
Khalysa Publications & Distributors,
2003.
|
| Subjects: |
| LEADER | 00498cam a2200157 7i4500 | ||
|---|---|---|---|
| 001 | 0000007872 | ||
| 005 | 20150729090000.0 | ||
| 020 | |a 983407140X | ||
| 090 | 0 | 0 | |a F |b SAM 2003 (c) |
| 100 | 0 | |a Samsiah Mohd Nor | |
| 245 | 1 | 0 | |a Tangisan bulan madu 3 |c Samsiah Mohd Nor. |
| 260 | |a Bangi: |b Khalysa Publications & Distributors, |c 2003. | ||
| 300 | |a 383 p.; |c 18 cm. | ||
| 650 | 0 | 0 | |a Malay fiction |
| 999 | |a 0000012027 |b BOK |c OPEN SHELF |e 2nd Floor, Shah Alam | ||
| 999 | |a 0000072093 |b BOK |c OPEN SHELF |e 2nd Floor, Shah Alam | ||


